[Event "Bad Woerishofen op"]
[Site "Bad Woerishofen"]
[Date "2001.??.??"]
[Round "7"]
[White "Berti, Rudolf"]
[Black "Diete, Guenter"]
[Result "1-0"]
[WhiteElo "1621"]
[BlackElo "1820"]
[Annotator "ChessOrg"]
[PlyCount "87"]
[EventDate "1998.03.05"]
[Source "ChessBase"]
[SourceDate "1998.04.29"]

1. Nf3 {A04: Hollaendisches System ohne Uebergang in andere Systeme} 1... b6 2.
c4 Bb7 3. e3 c5 4. Nc3 Nf6 5. Be2 e6 6. O-O Be7 7. b3 O-O 8. Bb2 d5 9. d4 {
letzter Buchzug} 9... Nbd7 10. Rc1 Rc8 11. cxd5 exd5 12. Bd3 Bd6 13. Bb1 Re8
14. Nb5 Bb8 15. dxc5 bxc5 16. Nc3 Ne5 17. Bf5 (17. Nxe5 Bxe5 18. Bf5 18... Rc6
$11) 17... Nxf3+ (17... Qc7 $5 $142 18. Nd2 18... Nd3 $17) 18. Qxf3 $11 18...
Rc7 19. Qh3 g6 20. Bg4 (20. Bd3 20... Rc8 $11) 20... Nxg4 $15 21. Qxg4 h5 22.
Qd1 Rd7 (22... d4 23. Nb5 Rd7 24. exd4 24... Bxg2 $19) 23. Na4 $14 23... d4 $2
(23... c4 $14 $142) 24. Nxc5 $18 24... Bxh2+ $2 (24... Qc7 $142 25. f4 Qc6 26.
Nxb7 Qxb7 27. Bxd4 27... f5 $18) 25. Kxh2 Qh4+ 26. Kg1 Bxg2 27. Kxg2 27... Qg5+
$4 (27... Rd5 28. Re1 Rg5+ 29. Kf1 29... Rf5 $16) 28. Kh2 (28. Kh3 $142 28...
Rd5 29. Bxd4 (29. exd4 $6 29... Qf5+ 30. Kh2 Qf4+ 31. Kh3 Qf5+ 32. Kg2 Qg5+ 33.
Kh3 33... Qf5+ $11) 29... Qf5+ 30. Kh2 $18) 28... Qh4+ $11 29. Kg2 Rd5 (29...
Qg5+ 30. Kh3 Qf5+ 31. Kh2 $18) 30. f4 (30. Re1 Rg5+ 31. Kf1 $18) 30... Rxe3 $11
31. Rf3 Qg4+ 32. Kf2 32... h4 $4 (32... Qh4+ $5 $142 33. Kg1 Qg4+ 34. Kf2 Qh4+
35. Kf1 Qh1+ 36. Kf2 36... Qh4+ $11) 33. Ne4 (33. Rc4 h3 34. Bxd4 $18) 33...
Rxe4 $16 34. Qg1 (34. Qc2 $142 34... Qf5 35. Qc8+ Qxc8 36. Rxc8+ Kg7 37. Kf1
$14) 34... Rxf4 $2 (34... Qf5 $14 $142) 35. Qxg4 $18 35... Rxg4 36. Rc8+ Kg7
37. Rc7 Kh6 (37... Rf5 38. Rd7 (38. Rxa7 h3 39. Rxf5 gxf5 40. Bxd4+ 40... Rxd4
$15) 38... Rff4 39. Rxf4 Rxf4+ 40. Kg1 $18) 38. Bc1+ (38. Rxa7 $6 38... d3 39.
Ra8 39... f5 $14) 38... g5 39. Rcxf7 39... Rd6 $4 (39... Kh5 $142 40. Rh7+ Kg6
41. Rxa7 41... Re4 $18) 40. Ba3 Rc6 (40... h3 41. Bxd6 Rg2+ 42. Ke1 Rxa2 43.
R7f6+ Kh5 44. Rxh3+ Kg4 45. Rg3+ 45... Kh5 $18) 41. Bf8+ Kg6 42. Rg7+ Kh5 43.
Rh7+ Kg6 (43... Rh6 44. Rxh6#) 44. Rh6# 1-0

[Event "Bad Woerishofen op"]
[Site "Bad Woerishofen"]
[Date "2001.??.??"]
[Round "9"]
[White "Berti, Rudolf"]
[Black "Malzer, Werner"]
[Result "0-1"]
[WhiteElo "1621"]
[BlackElo "1854"]
[Annotator "ChessOrg"]
[PlyCount "64"]
[EventDate "1998.03.05"]
[Source "ChessBase"]
[SourceDate "1998.04.29"]

1. Nf3 {D79: Gruenfeld-Verteidigung (3.g3)} 1... d5 2. g3 g6 3. Bg2 Bg7 4. O-O
Nf6 5. c4 c6 6. cxd5 cxd5 7. d4 O-O 8. Nc3 e6 9. Bf4 9... a6 {letzter Buchzug}
10. Rc1 Bd7 11. Qb3 b5 12. a4 (12. Rc2 12... Nc6 $14) 12... bxa4 13. Nxa4 Nc6
14. Nc5 Na5 15. Qb4 Bb5 16. Nxe6 fxe6 17. Bc7 Qe8 18. Qxa5 Bxe2 19. Rfe1 Bb5 (
19... Bh6 $5 20. Rc2 20... Bd3 $14) 20. Ng5 Ne4 21. Nxe4 (21. Bxe4 dxe4 22.
Rxe4 h6 23. Rxe6 Qd7 24. Rxg6 Qf5 25. Qa2+ 25... Kh8 $18) 21... dxe4 22. Rxe4
Bc6 23. Rxc6 $4 (23. Rxe6 $1 $142 23... Qxe6 24. Bxc6 $18 (24. Rxc6 $6 24...
Qe2 $11)) 23... Qxc6 $11 24. Rxe6 24... Qc1+ $4 (24... Qc2 $142 25. Bf4 25...
Bxd4 $15) 25. Re1 $18 25... Qxb2 26. Re7 $4 (26. Bxa8 Bxd4 27. Qd5+ Kg7 28.
Re7+ Kh6 29. Rf7 Bxf2+ 30. Kh1 Qb1+ 31. Kg2 Qg1+ 32. Kf3 Bxg3 33. Bxg3 (33.
Rxf8 $6 33... Bxc7 34. Qd2+ Kg7 35. Qb2+ 35... Kh6 $18) (33. hxg3 $6 33...
Rxf7+ 34. Kg4 Rf5 35. Qd2+ 35... Kg7 $16) 33... Qf1+ 34. Bf2 Rxf7+ 35. Qxf7
Qh3+ 36. Ke4 Qg4+ 37. Qf4+ Kh5 38. Ke5 Qxf4+ 39. Kxf4 $18) 26... Qxf2+ $19 27.
Kh1 Rf5 (27... Rae8 28. Rxg7+ Kxg7 29. Be5+ Kh6 30. h4 $19) 28. Rxg7+ $2 (28.
Be5 $142 28... Bxe5 29. Qd5+ Kf8 30. Rxe5 $19) 28... Kxg7 $19 29. Be5+ Kh6 30.
Qa1 Rc8 31. Bf4+ (31. h4 Rc2 32. Qg1 $19) 31... Rxf4 $1 32. gxf4 Qxf4 (32...
Qxf4 33. Qg1 33... Rc1 $19) 0-1

[Event "Bad Woerishofen op"]
[Site "Bad Woerishofen"]
[Date "2001.??.??"]
[Round "2"]
[White "Bertz, Uwe"]
[Black "Mantzouneas, Nikolaos"]
[Result "1-0"]
[WhiteElo "1780"]
[BlackElo "2033"]
[Annotator "ChessOrg"]
[PlyCount "89"]
[EventDate "1998.03.05"]
[Source "ChessBase"]
[SourceDate "1998.04.29"]

1. e4 {B23: Sizilianisch (Geschlossenes System)} 1... c5 2. Nc3 d6 3. f4 g6 4.
Nf3 Bg7 5. Bc4 Nc6 6. O-O e6 7. d3 Nge7 8. Bb3 {letzter Buchzug} 8... O-O 9.
Ne2 Nd4 (9... f5 10. c3 $11) 10. Nfxd4 (10. Nexd4 cxd4 11. Bd2 11... d5 $11)
10... cxd4 $11 11. g4 Kh8 12. Ng3 f5 13. exf5 exf5 14. g5 Bd7 15. h4 Be8 16. h5
gxh5 17. Nxh5 Bf7 18. Bxf7 (18. Nxg7 Kxg7 19. Bxf7 19... Rxf7 $16) 18... Rxf7
$14 19. Nxg7 Kxg7 (19... Rxg7 20. Re1 $14) 20. Qf3 Qb6 21. Rf2 Qc6 22. c4 (22.
b4 Qc3 23. Rb1 23... d5 $14) 22... Qxf3 23. Rxf3 d5 24. b3 Rd8 25. c5 Nc6 26.
Bd2 Re7 27. Re1 Rxe1+ 28. Bxe1 Re8 29. Bd2 b6 30. cxb6 axb6 31. Rf2 b5 32. Kf1
Ra8 33. Be1 Ne7 34. Rc2 Ng6 35. Bd2 Ra7 (35... h6 36. Rc7+ Kh8 37. gxh6 Rxa2
38. Ke1 $14) 36. Bc1 $16 36... Kf7 37. a3 Ke6 38. Rc6+ Ke7 39. Rc5 Ke6 (39...
b4 $5 40. axb4 40... Ra1 $16) 40. Rxb5 $18 40... Rc7 41. Bd2 Rc2 42. Ke1 Ra2
43. Rb6+ Kd7 44. Rb7+ 44... Kc6 $2 (44... Ke6 45. Rxh7 Ra1+ 46. Ke2 46... Ra2
$18) 45. Rxh7 (45. Rxh7 Nf8 46. Rh6+ Kc7 47. a4 $18) 1-0

[Event "Bad Woerishofen op"]
[Site "Bad Woerishofen"]
[Date "2001.??.??"]
[Round "4"]
[White "Bertz, Uwe"]
[Black "Kleinhenz, Hans-Georg"]
[Result "1/2-1/2"]
[WhiteElo "1780"]
[BlackElo "2038"]
[Annotator "ChessOrg"]
[PlyCount "91"]
[EventDate "1998.03.05"]
[Source "ChessBase"]
[SourceDate "1998.04.29"]

1. e4 {C06: Franzoesische Verteidigung (Tarrasch-Variante)} 1... e6 2. d4 d5 3.
Nd2 Nf6 4. e5 Nfd7 5. Bd3 c5 6. c3 Nc6 7. Ne2 cxd4 8. cxd4 f6 9. exf6 Nxf6 10.
O-O Qb6 11. Nf3 Bd6 12. Re1 O-O 13. Nc3 Bd7 14. a3 Rae8 15. Bb5 {
letzter Buchzug} 15... Nb8 16. Bxd7 Nbxd7 17. b4 Bb8 18. Be3 (18. Bg5 18... Qa6
$14) 18... Qd6 19. g3 Ng4 20. Ng5 Nxe3 21. Rxe3 (21. fxe3 $143 21... Qe7 22.
Nh3 22... Rc8 $15) 21... h6 22. Nh3 a6 23. Rc1 Ba7 24. Re2 Nf6 25. Nf4 Nh7 26.
Qd3 (26. Ng6 $5 26... Rf5 27. Ne5 $11) 26... Rxf4 $15 27. gxf4 Qxf4 28. Qe3
Qg4+ 29. Qg3 Qxd4 30. Rd1 Qf6 (30... Qc4 31. Qg6 Re7 32. Rd3 $17) 31. Nxd5 Qd8
32. Nc3 Qc8 33. Ne4 Rf8 34. Rdd2 Bb8 35. Qc3 Qe8 36. Qh3 Rf4 37. Qg2 h5 38. h3
Ba7 (38... b6 39. Rd1 $16) 39. Nc5 (39. Nd6 39... Qd7 $18) 39... Rf6 (39...
Bxc5 40. bxc5 Qc8 41. Re5 $16) 40. Qxb7 Qg6+ 41. Kf1 41... Ng5 $2 (41... Bxc5
42. bxc5 Qg3 43. Qg2 Qxa3 44. Rd7 $18) 42. Re3 (42. Nd7 $142 42... Rf7 43. Qa8+
(43. Qxa7 $6 43... Nf3 44. Qa8+ Kh7 45. Qxf3 45... Rxf3 $11) 43... Kh7 44. Ne5
(44. Qxa7 $4 44... Nf3 45. Rxe6 Nxd2+ 46. Ke2 Qxe6+ 47. Qe3 47... Qxd7 $19)
44... Qb1+ 45. Kg2 $18) 42... Qb1+ $16 43. Re1 Qf5 44. Re3 (44. Rc1 $16 $142)
44... Qb1+ $11 45. Re1 Qf5 46. Re3 (46. Rc1 $16 $142) 1/2-1/2

[Event "Bad Woerishofen op"]
[Site "Bad Woerishofen"]
[Date "2001.??.??"]
[Round "6"]
[White "Bertz, Uwe"]
[Black "Muraziu, Nicky"]
[Result "0-1"]
[WhiteElo "1780"]
[BlackElo "1997"]
[Annotator "ChessOrg"]
[PlyCount "76"]
[EventDate "1998.03.05"]
[Source "ChessBase"]
[SourceDate "1998.04.29"]

1. e4 {B23: Sizilianisch (Geschlossenes System)} 1... c5 2. Nc3 e6 3. f4 Nc6 4.
Nf3 a6 5. a4 {letzter Buchzug} 5... b6 6. Bc4 (6. d4 d5 7. exd5 exd5 8. dxc5
8... d4 $11) 6... Nge7 7. d3 g6 8. O-O (8. e5 d5 9. exd6 9... Nf5 $11 (9...
Qxd6 $143 10. Ne4 Qc7 11. Nf6+ Kd8 12. d4 $16)) 8... Bg7 (8... d5 9. exd5 exd5
10. Bb3 $15) 9. Bd2 (9. Re1 9... O-O $11) 9... d5 $15 10. Bb3 Na5 11. Ba2 O-O
12. g4 c4 13. Qe1 Nec6 14. Ne2 (14. dxc4 $5 14... Nb4 15. cxd5 Nxc2 16. Qg3
Nxa1 17. Rxa1 $11) 14... Bxb2 $17 15. Bc3 $2 (15. Rb1 $5 $142 15... Bg7 16. e5
$15) 15... Bxa1 $19 16. Qxa1 (16. Bxa1 16... f6 $19) 16... f6 (16... cxd3 17.
cxd3 dxe4 18. dxe4 $19) 17. g5 fxg5 18. fxg5 (18. Nxg5 18... Ra7 $19) 18... b5
(18... cxd3 $5 19. cxd3 dxe4 20. dxe4 $19) 19. Bf6 Qb6+ 20. Rf2 b4 21. dxc4
dxc4 (21... Nxc4 $6 22. exd5 exd5 23. Nf4 $17) 22. h4 (22. Nf4 b3 23. cxb3
23... cxb3 $19 (23... Nxb3 $6 24. Qc3 $19)) 22... Ra7 23. e5 Rd7 24. Nh2 b3 25.
cxb3 cxb3 (25... Nxb3 $6 26. Ng4 Kf7 27. Qc3 $19) 26. Ng4 26... h5 $1 27. Nh6+
Kh7 28. Bb1 Rd1+ 29. Kg2 Rxb1 (29... Nc4 30. a5 Ne3+ 31. Kg3 Qxa5 32. Nf4 Rg1+
33. Kh3 Rh1+ 34. Kg3 Rxf6 35. Qxa5 Nxa5 36. exf6 Nf1+ 37. Rxf1 Rxf1 38. Bxg6+
Kh8 39. Be4 Rg1+ 40. Kf2 Rg4 41. Ng6+ Kh7 42. f7 Rxh4 43. Nxh4+ Kg7 44. Ng6 Kh7
45. f8=Q b2 46. Ne5#) 30. Qxb1 30... Nxe5 $3 31. Nf4 (31. Bxe5 31... Qxf2+ $19)
31... Rxf6 $1 32. gxf6 Kxh6 (32... Bb7+ 33. Kg1 Qe3 34. Nf7 Nf3+ 35. Kf1 Nd2+
36. Rxd2 Qf3+ 37. Ke1 Qh1+ 38. Ke2 Qh2+ 39. Kd1 Qg1+ 40. Ke2 Bf3+ 41. Kxf3 Qg4+
42. Ke3 Nc4+ 43. Kd3 Nxd2 44. Qh1 Qf5+ 45. Kxd2 Qxf4+ 46. Kd3 Qf5+ 47. Kc4 Qc2+
48. Kd4 Qb2+ 49. Kc4 Qc2+ 50. Kb4 $11) 33. f7 Qb7+ (33... Nxf7 34. Qxg6#) 34.
Kg3 Qxf7 35. Nxh5 (35. Qc1 b2 36. Rxb2 $19) 35... Qc7 (35... gxh5 $2 36. Rxf7
Nxf7 37. Qc1+ Kg7 38. Qxc8 $18) (35... Kxh5 $4 36. Rxf7 Nxf7 37. Qf1 $18) 36.
Nf4 Qc3+ 37. Kh2 Ng4+ 38. Kg1 (38. Kg2 Qc6+ 39. Kg1 39... e5 $19) 38... Qg3+ (
38... Qg3+ 39. Rg2 39... Qxf4 $19) 0-1

[Event "Bad Woerishofen op"]
[Site "Bad Woerishofen"]
[Date "2001.??.??"]
[Round "8"]
[White "Bertz, Uwe"]
[Black "Mader, Kurt"]
[Result "1-0"]
[WhiteElo "1780"]
[BlackElo "1900"]
[Annotator "ChessOrg"]
[PlyCount "79"]
[EventDate "1998.03.05"]
[Source "ChessBase"]
[SourceDate "1998.04.29"]

1. e4 {C42: Russische Verteidigung (Petrow)} 1... e5 2. Nf3 Nf6 3. Bc4 Bc5 4.
O-O Nc6 5. c3 5... a6 {letzter Buchzug} 6. d4 exd4 7. cxd4 Ba7 8. Nc3 (8. e5
8... Ng8 $14) 8... O-O (8... d6 9. Bg5 $11) 9. Bg5 h6 10. Bf4 d6 11. d5 Ne7 12.
Qd2 Ng6 13. Be3 Bg4 (13... Bxe3 14. Qxe3 Ng4 15. Qd2 $15) 14. Nd4 $11 14... Ne5
15. Bb3 Bh5 16. f3 Bg6 17. a4 Ned7 18. g4 Nh7 19. Qf2 Ng5 20. Kg2 20... Qf6 $4
(20... Ne5 $142 21. Qe2 21... Qd7 $11) 21. h4 $18 21... Nh7 22. h5 (22. f4 Rae8
23. f5 23... Ne5 $18) 22... Ne5 (22... Bxh5 $5 23. gxh5 Bxd4 24. Bxd4 Qg5+ 25.
Qg3 Qd2+ 26. Ne2 26... Nhf6 $18) 23. hxg6 $18 23... fxg6 24. Ne6 Bxe3 25. Qxe3
Rf7 26. Rac1 Rc8 27. Ne2 Kh8 28. N2d4 Nf8 (28... c5 29. dxc6 Nxc6 30. g5 $18)
29. Rh1 (29. g5 $142 29... Qe7 30. f4 30... Ned7 $18) 29... Nfd7 (29... Nxe6
30. dxe6 Qf4 31. Qxf4 31... Rxf4 $18) 30. g5 Qe7 31. gxh6 gxh6 (31... Kg8 32.
hxg7 Rxg7 33. f4 $18) 32. Rxh6+ Rh7 (32... Kg8 33. Rch1 Qf6 34. f4 $18) 33.
Rch1 (33. Rxh7+ $5 33... Kxh7 34. Qh6+ 34... Kg8 $18) 33... Nf6 34. Rxh7+ Nxh7
35. Ng5 Kg8 36. Rxh7 Qxg5+ (36... Qf6 37. Nde6 37... b5 $18) 37. Qxg5 Kxh7 38.
f4 (38. Qe7+ Nf7 39. Qxf7+ Kh8 40. Ne6 Rg8 41. Qf6+ Kh7 42. Qh4#) 38... Nf7 39.
Qe7 Kg7 (39... Rg8 40. Ne6 Rg7 41. Qf6 Rg8 42. Qxf7+ Kh6 43. Qf6 Rh8 44. Qxh8#)
40. Ne6+ (40. Ne6+ Kh7 41. Qxf7+ Kh6 42. Qf6 Rh8 43. Qxh8#) 1-0

[Event "Bad Woerishofen op"]
[Site "Bad Woerishofen"]
[Date "2001.??.??"]
[Round "2"]
[White "Bintakies, Michael"]
[Black "Varga, Zoltan"]
[Result "0-1"]
[WhiteElo "2204"]
[BlackElo "2519"]
[Annotator "ChessOrg"]
[PlyCount "138"]
[EventDate "1998.03.05"]
[Source "ChessBase"]
[SourceDate "1998.04.29"]

1. d4 {D02: Damenbauernspiele} 1... d5 2. Nf3 c6 3. c3 Bg4 4. Bf4 {
letzter Buchzug} 4... Bxf3 5. exf3 Nd7 6. Qb3 Qb6 7. Nd2 g6 8. Be3 Bg7 9. f4
Nh6 10. Bd3 e6 11. Qxb6 axb6 12. a4 Nf5 13. Ke2 Ke7 14. b4 c5 15. bxc5 bxc5 16.
Nf3 Rhc8 17. Rhb1 Nd6 18. Ne5 c4 19. Bc2 Rc7 20. Bc1 f6 21. Nxd7 Kxd7 22. Rb6
Nc8 23. Rb5 Na7 24. Rb6 Nc6 (24... Nc8 25. Rb4 $11) 25. Rab1 $14 25... Kc8 26.
h4 Bf8 27. Be3 Rg7 28. g3 h5 29. f3 Bd6 30. g4 f5 31. Rg1 Kc7 32. Rb5 Ne7 (
32... Rgg8 33. Rbb1 $11) 33. Rgb1 (33. gxh5 33... Rgg8 $14) 33... Rb8 34. g5
Nc6 35. Bc1 Kc8 36. Ke3 Ra8 37. Ra1 Bc7 38. Rbb1 Ba5 39. Bb2 Ra6 40. Ra2 Re7
41. Rc1 Bb6 42. Kd2 Bc7 43. Ke3 Re8 44. Raa1 Kd7 45. Ba3 Ba5 46. Bd1 Rb6 47.
Ra2 Rb8 48. Bc5 Ra6 49. Rb2 Bc7 50. Rcb1 b6 51. Bb4 Rba8 52. Bc2 R6a7 53. Bd1
Rc8 54. Bc2 Re8 55. Bd1 Ra6 56. Bc2 Rb8 57. Bd1 b5 58. axb5 Rxb5 59. Bc5 Rxc5 (
59... Rxb2 $5 60. Rxb2 60... Ra1 $17) 60. dxc5 $11 60... Ra3 61. Kf2 Bxf4 62.
Rb7+ Bc7 63. R1b6 (63. Ke2 $5 $15) 63... Nd8 $17 (63... Rxc3 $2 64. Ba4 Kc8 65.
Rxc7+ (65. Bxc6 $6 65... Rc2+ 66. Ke1 Bxb6 67. cxb6 67... Rb2 $18) 65... Kxc7
66. Rxc6+ (66. Bxc6 $6 66... Kd8 $18) 66... Kd7 67. Rd6+ Kc7 68. Rxe6 $18) 64.
Rd6+ Kc8 65. Rbb6 Bxd6 (65... Bxb6 $6 66. cxb6 Rxc3 67. Ba4 $15) 66. cxd6 (66.
Rxd6 66... f4 $19) 66... f4 (66... Rxc3 $143 67. Ba4 $17) 67. Ke1 Rxc3 68. Ba4
(68. Kd2 d4 69. Bc2 Rxf3 70. Bxg6 c3+ 71. Kc2 Rf2+ 72. Kc1 Rf1+ 73. Kc2 $19)
68... Rxf3 69. Bb5 Rb3 (69... Rb3 70. Ba6+ Kd7 71. Bb5+ Rxb5 72. Rxb5 72... Nc6
$19) 0-1

[Event "Bad Woerishofen op"]
[Site "Bad Woerishofen"]
[Date "2001.??.??"]
[Round "4"]
[White "Bintakies, Michael"]
[Black "Grau, Helmut"]
[Result "1-0"]
[WhiteElo "2204"]
[BlackElo "1752"]
[Annotator "ChessOrg"]
[PlyCount "69"]
[EventDate "1998.03.05"]
[Source "ChessBase"]
[SourceDate "1998.04.29"]

1. d4 {A48: Koenigsindisch (ohne c2-c4)} 1... Nf6 2. Nf3 g6 3. Bg5 Bg7 4. Nbd2
O-O 5. c3 d6 6. e4 Nbd7 7. h3 {letzter Buchzug} 7... h6 8. Be3 e5 9. dxe5 dxe5
10. Bc4 Nh5 11. g3 c6 12. Nh4 Kh7 13. Nf5 Ndf6 14. Nxg7 Kxg7 15. a4 b6 16. b4
Qe7 17. a5 Rb8 18. Kf1 Rd8 19. Qc2 Be6 20. Bxe6 Qxe6 21. Kg2 Rd7 22. axb6 axb6
23. Ra6 Rxd2 (23... Rbd8 $5 $16) 24. Qxd2 $18 (24. Bxd2 $6 24... Qc4 25. Ra7
25... Nxe4 $16) 24... Qc4 (24... Nxe4 25. Bxh6+ Kh7 26. Qe3 $18) 25. Ra7 (25.
Bxh6+ Kh7 26. Rha1 26... Nxe4 $18) 25... Nxe4 26. Bxh6+ Kh7 27. Qe3 Rd8 28. Re1
28... Nhxg3 $2 (28... Nhf6 $18) 29. fxg3 Rd2+ 30. Kg1 Rd3 31. Qxe4 Rxg3+ (31...
Qxe4 32. Rxe4 32... Kxh6 $18) 32. Kh2 Qxc3 (32... Qxe4 33. Rxe4 33... Rxc3 $18)
33. Rxf7+ Kg8 34. Rf8+ Kh7 35. Qh4 (35. Qh4 Rxh3+ 36. Qxh3 Qxh3+ 37. Kxh3 Kxh6
38. Kg4 Kg7 39. Ref1 Kh6 40. R8f7 c5 41. Rh1#) (35. Be3 Rg2+ 36. Kxg2 Qb2+ 37.
Kh1 Qf2 38. Bxf2 Kg7 39. Qxe5+ Kxf8 40. Bd4 c5 41. Qe8#) 1-0

[Event "Bad Woerishofen op"]
[Site "Bad Woerishofen"]
[Date "2001.??.??"]
[Round "6"]
[White "Bintakies, Michael"]
[Black "Graf, Christian"]
[Result "1/2-1/2"]
[WhiteElo "2204"]
[BlackElo "2291"]
[Annotator "ChessOrg"]
[PlyCount "28"]
[EventDate "1998.03.05"]
[Source "ChessBase"]
[SourceDate "1998.04.29"]

1. d4 {D27: Angenommenes Damengambit ()} 1... d5 2. Nf3 Nf6 3. c4 dxc4 4. e3 e6
5. Bxc4 c5 6. O-O a6 7. dxc5 Qxd1 8. Rxd1 Bxc5 9. a3 b5 10. Be2 Bb7 11. b4 Be7
12. Bb2 Nbd7 13. Nbd2 O-O 14. Nb3 14... Bd5 {letzter Buchzug} 1/2-1/2

[Event "Bad Woerishofen op"]
[Site "Bad Woerishofen"]
[Date "2001.??.??"]
[Round "8"]
[White "Bintakies, Michael"]
[Black "Heyl, Thomas"]
[Result "1/2-1/2"]
[WhiteElo "2204"]
[BlackElo "2053"]
[Annotator "ChessOrg"]
[PlyCount "55"]
[EventDate "1998.03.05"]
[Source "ChessBase"]
[SourceDate "1998.04.29"]

1. d4 {D30: Damengambit (ohne Sc3)} 1... d5 2. Nf3 Nf6 3. c4 e6 4. cxd5 exd5 5.
Qc2 c6 6. Bf4 {letzter Buchzug} 6... Na6 7. a3 Be7 8. h3 O-O 9. Nbd2 Bd7 10. e3
Nc7 11. Bd3 Ne6 12. Bh2 g6 13. O-O Ng7 14. b4 Bf5 15. Nb3 Bxd3 16. Qxd3 Nf5 17.
b5 cxb5 18. Qxb5 Bd6 19. Be5 (19. Qxb7 $143 19... Rb8 20. Qxa7 Bxh2+ 21. Nxh2
21... Rxb3 $17) 19... Qd7 20. a4 Qxb5 21. axb5 Ne4 22. Rfc1 f6 23. Bxd6 Nfxd6
24. Rc7 (24. Nfd2 $5 $11) 24... Rf7 $15 25. Rxf7 Kxf7 (25... Nxf7 $143 26. b6
a6 27. Na5 $11) 26. b6 a6 27. Rc1 Rc8 28. Nc5 (28. Rxc8 Nxc8 29. Nc5 Nxb6 30.
Nxb7 30... Nc4 $15) 1/2-1/2

[Event "Bad Woerishofen op"]
[Site "Bad Woerishofen"]
[Date "2001.??.??"]
[Round "4"]
[White "Bischoff, Dieter"]
[Black "Woerl, Richard"]
[Result "1/2-1/2"]
[WhiteElo "2222"]
[BlackElo "2088"]
[Annotator "ChessOrg"]
[PlyCount "73"]
[EventDate "1998.03.05"]
[Source "ChessBase"]
[SourceDate "1998.04.29"]

1. d4 {D30: Damengambit (ohne Sc3)} 1... d5 2. c4 e6 3. Nf3 Nd7 4. g3 c6 5. Qc2
Bd6 6. Bg2 Ngf6 7. Nbd2 O-O 8. O-O Re8 9. b3 e5 10. cxd5 cxd5 11. dxe5 Nxe5 12.
Bb2 Bg4 13. Nxe5 Bxe5 14. Bxe5 Rxe5 15. Nf3 Bf5 16. Qb2 16... Re7 {
letzter Buchzug} 17. Rac1 Rc8 18. Nd4 Be6 19. Rxc8 Qxc8 (19... Bxc8 20. e3 $11)
20. Qa3 $16 20... Rc7 21. Qxa7 h5 22. Nxe6 (22. e3 22... Bh3 $16) 22... fxe6
23. Qd4 (23. Qe3 23... Rc6 $16) 23... Rc2 $14 24. e4 dxe4 25. Bxe4 Nxe4 26.
Qxe4 Rxa2 27. Rd1 Ra6 28. Qh4 (28. b4 $5 $16) 28... Qc5 $11 29. Qd8+ Kh7 30. h4
Rb6 31. Qd3+ Qf5 32. f3 Rb5 33. Kf2 Kg6 34. Kg2 Kh7 35. g4 (35. Rd2 Qxd3 36.
Rxd3 36... Kg6 $11) 35... hxg4 36. fxg4 Qg6 (36... Qxd3 37. Rxd3 Kg6 38. Kg3
$11) 37. Qxg6+ $11 (37. Qxb5 Qxg4+ 38. Kf2 Qxd1 39. Qxb7 Qd4+ 40. Kf3 40... Kh6
$11) 1/2-1/2

[Event "Bad Woerishofen op"]
[Site "Bad Woerishofen"]
[Date "2001.??.??"]
[Round "6"]
[White "Bischoff, Dieter"]
[Black "Deues, Erik"]
[Result "1/2-1/2"]
[WhiteElo "2222"]
[BlackElo "2130"]
[Annotator "ChessOrg"]
[PlyCount "47"]
[EventDate "1998.03.05"]
[Source "ChessBase"]
[SourceDate "1998.04.29"]

1. d4 {D85: Gruenfeld-Verteidigung (Hauptfortsetzung)} 1... Nf6 2. c4 g6 3. Nc3
d5 4. Nf3 Bg7 5. cxd5 Nxd5 6. e4 Nxc3 7. bxc3 c5 8. Rb1 O-O 9. Be2 cxd4 10.
cxd4 Qa5+ 11. Bd2 Qxa2 12. O-O Qe6 13. Qc2 Qc6 14. Qd3 14... b6 {
letzter Buchzug} 15. d5 Qd7 16. Rfd1 Na6 17. Bf4 Nc5 18. Qe3 Bb7 19. Be5 f6 20.
Bd4 Rac8 21. Nd2 Rc7 22. h4 h5 23. Qg3 Kh7 24. f4 1/2-1/2

[Event "Bad Woerishofen op"]
[Site "Bad Woerishofen"]
[Date "2001.??.??"]
[Round "8"]
[White "Bischoff, Dieter"]
[Black "Teich, Udo"]
[Result "1-0"]
[WhiteElo "2222"]
[BlackElo "2119"]
[Annotator "ChessOrg"]
[PlyCount "103"]
[EventDate "1998.03.05"]
[Source "ChessBase"]
[SourceDate "1998.04.29"]

1. d4 {D23: Angenommenes Damengambit} 1... d5 2. c4 dxc4 3. Nf3 Nf6 4. Qa4+
Nbd7 5. Nc3 c6 6. Qxc4 6... e6 {letzter Buchzug} 7. e4 Be7 8. Bd3 O-O 9. O-O
Re8 10. Bc2 Nf8 11. Rd1 a6 12. Bg5 h6 13. Bh4 Bd7 14. Qb3 Qa5 (14... Bc8 15.
Na4 $14) 15. a4 (15. e5 15... Nd5 $16) 15... Qb4 16. Qa2 (16. Qxb4 Bxb4 17.
Bxf6 17... gxf6 $14) 16... Rad8 17. a5 c5 18. e5 Nd5 19. Nxd5 exd5 20. Bxe7
Rxe7 21. Qxd5 cxd4 22. Qxd4 (22. Qd6 Qxd6 23. exd6 Re6 24. Rxd4 24... Re2 $16)
22... Qxd4 $14 23. Rxd4 Rc8 24. Be4 Bb5 25. h3 Ne6 26. Rd6 g6 27. Rad1 Rcc7 28.
R1d2 Ng5 29. Nxg5 hxg5 30. e6 f5 31. Bd5 Kg7 32. Rd8 Kf6 33. Rf8+ Ke5 (33...
Kg7 34. Rb8 $14) 34. Rg8 Be8 35. b4 Kf6 36. Kh2 Bc6 37. Ba2 Rg7 38. Rf8+ Ke7
39. Rdd8 Bb5 40. Rb8 Kd6 41. Rf7 Bc6 42. Rd8+ Ke5 43. Kg3 Re7 44. f3 Rc7 45. h4
gxh4+ 46. Kxh4 g5+ (46... Kf4 47. g3+ Kxf3 48. Kg5 $18) 47. Kh5 g4 48. fxg4
fxg4 49. Kh6 Rgxf7 50. exf7 Rxf7 51. Bxf7 Bxg2 52. Kg5 (52. Kg5 g3 53. Rd3 $18)
1-0

[Event "Bad Woerishofen op"]
[Site "Bad Woerishofen"]
[Date "2001.??.??"]
[Round "3"]
[White "Bjarnason, Oskar"]
[Black "Schwarz, Werner"]
[Result "1-0"]
[WhiteElo "2163"]
[BlackElo "1864"]
[Annotator "ChessOrg"]
[PlyCount "69"]
[EventDate "1998.03.05"]
[Source "ChessBase"]
[SourceDate "1998.04.29"]

1. e4 {B10: Caro-Kann-Verteidigung} 1... c6 2. c4 d5 3. cxd5 cxd5 4. exd5 Nf6
5. Qa4+ Nbd7 6. Nc3 g6 7. Nf3 Bg7 8. Qb3 O-O 9. Bc4 Nb6 10. d3 10... Bd7 {
letzter Buchzug} 11. Be3 Nxc4 12. dxc4 Qc7 13. h3 b6 14. Rc1 Rac8 15. Ne2 Ne4
16. O-O Nc5 17. Qa3 e5 (17... Rfd8 18. Bf4 Qb7 19. b4 $16) 18. b4 $18 18... Ne4
(18... e4 19. Bf4 Qd8 20. Ne1 $18) 19. c5 bxc5 20. bxc5 Bb5 21. Rfe1 Rfd8 22.
Qb4 Bxe2 23. Rxe2 (23. Qxe4 $6 23... f5 24. d6 Qxd6 25. cxd6 fxe4 26. Rxc8
26... Rxc8 $18) 23... f5 24. Qc4 Kh8 25. Ng5 Nxg5 26. Bxg5 Rd7 27. c6 Rd6 28.
Rb1 28... Qa5 $2 (28... Qf7 29. Qa6 29... Qg8 $18) 29. Rb5 Qa6 (29... Qa3 30.
Be7 Bf8 31. Rxe5 $18) 30. Be7 Bf8 31. Rxe5 (31. Bxd6 $143 31... Bxd6 32. Rc2
32... Kg7 $18) 31... Qa3 (31... Kg8 32. Bxf8 Rxf8 33. Re7 $18) 32. Re3 (32. Rb7
Bg7 33. Re3 Qa5 34. Bxd6 34... Qd2 $18) 32... Qa6 (32... Qxe3 33. fxe3 Bxe7 34.
c7 $18) 33. Bxf8 Rxf8 34. Re7 Rc8 35. Qc3+ (35. Qc3+ Rf6 36. Qxf6+ Kg8 37. Qg7#
) 1-0